ბათუმის შოთა რუსთაველის სახელმწიფო უნივერსიტეტის ბიბლიოთეკა

When the Dead Cry Out (ბიბ.ჩანაწერი № 45928)

000 -LEADER
fixed length control field 00454nam a2200205Ia 4500
001 - CONTROL NUMBER
control field 12757
003 - CONTROL NUMBER IDENTIFIER
control field GE_BSU
008 - FIXED-LENGTH DATA ELEMENTS--GENERAL INFORMATION
fixed length control field 181216s||||||||xx |||||||||||||| ||und||
020 ## - INTERNATIONAL STANDARD BOOK NUMBER
International Standard Book Number 0434011118
040 ## - CATALOGING SOURCE
Transcribing agency GE_BSU
080 ## - UNIVERSAL DECIMAL CLASSIFICATION NUMBER
Universal Decimal Classification number 821.111-32.1
100 ## - MAIN ENTRY--PERSONAL NAME
Personal name Bonner, Hilary
245 ## - TITLE STATEMENT
Title When the Dead Cry Out
260 ## - PUBLICATION, DISTRIBUTION, ETC.
Place of publication, distribution, etc. London
260 ## - PUBLICATION, DISTRIBUTION, ETC.
Name of publisher, distributor, etc. william heineman
260 ## - PUBLICATION, DISTRIBUTION, ETC.
Date of publication, distribution, etc. 2003
300 ## - PHYSICAL DESCRIPTION
Extent 296p.24cm.
653 ## - INDEX TERM--UNCONTROLLED
Uncontrolled term When the Dead Cry Out
942 ## - ADDED ENTRY ELEMENTS (KOHA)
Koha item type წიგნი
ეგზემპლარები
Withdrawn status Lost status Damaged status Not for loan Date acquired Barcode Date last seen Price effective from Koha item type
        2018-12-17 35720 2018-12-17 2018-12-17 წიგნი